1417 1969 1083 1754 1246 1066 1600 1109 1865 1360 1715 1642 1125 1926 1075 1362 1434 1679 1936 1363 1710 1127 1784 1979 1182 1756 1172 1519 1226 1773 1679 1794 1465 1630 1906 1581 1423 1926 1946 1856 1242 1025 1008 1712 1991 1537 1619 1781 1804 1484 1404 1325 1774 1034 1154 1848 1501 1812 1419 1745 1008 1077 1612 1711 1269 1125 1259 1501 1702 1753 1425 1252 1474 1435 1588 1302 1461 1223 1239 1489 1129 1182 1065 1422 1218 1623 1776 1569 1940 1142 1184 1123 1826 1719 1281 1573 1822 1800 1439 BCNSPRNW ULIB Ver.6.0+V

เปลี่ยนเป็นภาษาไทย

Change to English
 แสดงรายละเอียดบรรณานุกรม
  กลับหน้าหลัก

Brief Record : Get Marc (ISO 2709) : E-mail record : QR code < ปิดหน้าต่าง
LEADER : 00000nam 2200000uu 4500
001    13399121355
003     ULIB
008    110627s2551||||th 000 0 tha d
099    วจ.BF576^bจ253ศ
100 0  จันทร์จิรา หล้ามี
245 00 ศึกษาความสัมพันธ์ระหว่างความฉลาดทางอารมณ์กับพฤติกรรมเชิงจริยธรรมของนักศึกษาพยาบาล/^cจันทร์จิรา หล้ามี ,วรรณภรณ์ วีระพงษ์ และอารีย์ กุลจู
260    พิษณุโลก :^bวิทยาลัยพยาบาลบรมราชชนนี พุทธชินราช,^c2551
300    96 หน้า
650  7 วิทยาลัยพยาบาลบรมราชชนนี พุทธชินราช
650  7 ความฉลาดทางอารมณ์^xนักศึกษาพยาบาล^xวิจัย
700 02 วรรณภรณ์ วีระพงษ์
700 02 อารีย์ กุลจู
710 1  วิทยาลัยพยาบาลบรมราชชนนี พุทธชินราช
945    ^p0^l0^i023562
995    ทศพร
999 ^a ใช้งานได้ทุกระบบ
รายการนี้ยังไม่มีแท็ก
คุณยังไม่ได้ล็อกอิน คุณสามารถมีกิจกรรมร่วมกับเว็บไซต์ได้ แต่ต้องล็อกอินก่อน ::
  ล็อกอิน

รายการสื่อสารสนเทศ

ลำดับที่ ประเภท เลขเรียก/บาร์โค้ด สถานที่ สถานะ
1. งานวิจัย
งานวิจัย
วจ.BF576 จ253ศ ฉ.1 
  Barcode: 023562
ห้องสมุดวิทยาเขตสวรรค์ประชารักษ์
►วิจัย
บนชั้น

รายการใกล้เคียง
    หัวเรื่อง [วิทยาลัยพยาบาลบรมราชชนนี พุทธชินราช]

BibComment


ยังไม่เคยถูกคอมเมนท์

คอมเมนท์ทรัพยากรรายการนี้
  คอมเมนท์: ศึกษาความสัมพันธ์..


 Copyright 2026. Bcnsprnw @Library